000 00672nam a2200181 i 4500
001 41942
003 ES-MaACL
005 20231229063012.0
007 t|
008 030312s1956 sp ||||1| spa d
100 1 _aCastán Tobeñas, José,
_d1889-1969
_936392
245 1 4 _aLos problemas civiles de la llamada "Inseminatio artificialis" en los seres humanos /
_cJosé Castán Tobeñas.
260 _aZaragoza :
_b[s.n.,
_c1956] (
_fTalls. Edit. El Noticiero)
300 _a10 p. ;
_c24 cm.
500 _aEs separata del Libro "Homenaje a D. Juan Moneva y Puyol". Anuario de Derecho Aragonés, 1955-56.
852 _aES-MaACL
_j1985-F-4
_bR.38728
999 _c41942
_d41942